[Event "Heraklion op 28th"]
[Site "Heraklion"]
[Date "2020.01.04"]
[Round "3"]
[White "Maris, Ioannis"]
[Black "Fragiadakis, Emanouel"]
[Result "1-0"]
[WhiteElo "1901"]
[BlackElo "1733"]
[PlyCount "35"]
[EventDate "2020.01.03"]
[EventType "swiss"]
[EventRounds "9"]
[EventCountry "GRE"]
[SourceTitle "CBM 194 Extra"]
[Source "ChessBase"]
[SourceDate "2020.03.31"]
[SourceVersion "1"]
[SourceVersionDate "2020.03.31"]
[SourceQuality "1"]

1. c4 Nf6 2. Nf3 c6 3. g3 d5 4. Qc2 g6 5. cxd5 cxd5 6. Bg2 Bg7 7. 0-0 0-0 8. d4 Qb6 9. Nc3 Bf5 10. Qd1 Nc6 11. Na4 Qd8 12. Bf4 Ne4 13. Rc1 Rc8 14. h3 b5 15. g4 Be6 16. Nc5 Nxc5 17. dxc5 Qa5 18. Rb1 1-0

[Event "Hersonissos op 2nd"]
[Site "Hersonissos"]
[Date "2018.06.19"]
[Round "4"]
[White "Maris, Ioannis"]
[Black "Roditakis, Emmanouil"]
[Result "1-0"]
[WhiteElo "1915"]
[BlackElo "1118"]
[PlyCount "105"]
[EventDate "2018.06.17"]
[EventType "swiss"]
[EventRounds "9"]
[EventCountry "GRE"]
[SourceTitle "CBM 185 Extra"]
[Source "ChessBase"]
[SourceDate "2018.07.29"]
[SourceVersion "1"]
[SourceVersionDate "2018.07.29"]
[SourceQuality "1"]

1. e4 c5 2. Nf3 Nc6 3. b3 d6 4. Bc4 Bg4 5. Bxf7+ Kxf7 6. Ng5+ Ke8 7. Qxg4 Nf6 8. Qe6 Nd4 9. Qf7+ Kd7 10. Na3 Qe8 11. c3 Nc6 12. Qe6+ Kc7 13. d4 cxd4 14. Nb5+ Kb6 15. Nxd4 a6 16. Be3 Kc7 17. Nf7 Rg8 18. f3 Qd7 19. Ng5 Qxe6 20. Ngxe6+ Kd7 21. 0-0-0 Nxd4 22. Nxd4 Rc8 23. Kb2 g6 24. g4 Bg7 25. h4 Rc7 26. h5 Rgc8 27. Rd3 e5 28. Ne2 b5 29. a3 Rb7 30. Ng3 a5 31. hxg6 hxg6 32. g5 Ne8 33. Ne2 b4 34. axb4 axb4 35. cxb4 Rxb4 36. Nc3 Nc7 37. Bc5 Rb7 38. Rxd6+ Ke8 39. Rh7 Nb5 40. Nxb5 Rxc5 41. Na3 Ra5 42. Rxg6 Kf8 43. Rc6 Ra8 44. Nc2 Rab8 45. b4 Kg8 46. g6 Bf8 47. Rxb7 Rxb7 48. Kc3 Be7 49. Kc4 Kg7 50. b5 Bd8 51. Ne3 Bg5 52. Nf5+ Kg8 53. Rc8+ 1-0

[Event "Heraklion op 22nd"]
[Site "Heraklion"]
[Date "2018.01.06"]
[Round "6"]
[White "Koutsouraki, Ariadni"]
[Black "Maris, Ioannis"]
[Result "0-1"]
[WhiteElo "1313"]
[BlackElo "1971"]
[PlyCount "102"]
[EventDate "2018.01.02"]
[EventType "swiss"]
[EventRounds "9"]
[EventCountry "GRE"]
[SourceTitle "EXT 2019"]
[Source "ChessBase"]
[SourceDate "2018.10.10"]
[SourceVersion "1"]
[SourceVersionDate "2018.10.10"]
[SourceQuality "1"]

1. e4 c5 2. Nf3 e6 3. d4 cxd4 4. Nxd4 Nf6 5. Nc3 Bb4 6. Bd3 Qc7 7. Bd2 a6 8. a3 Bc5 9. Nb3 Be7 10. 0-0 b5 11. Be3 Bb7 12. Nd2 d6 13. Qe2 Nbd7 14. h3 0-0 15. Rac1 Rfd8 16. Rfd1 Nc5 17. Bg5 h6 18. Bh4 Nfxe4 19. Ndxe4 Bxh4 20. Nxc5 Qxc5 21. Ne4 Qe5 22. Nc3 Qxe2 23. Bxe2 Rac8 24. Bd3 Bf6 25. Re1 Bxc3 26. bxc3 Rxc3 27. Ra1 g6 28. Re3 Kg7 29. Kf1 Bc6 30. g3 a5 31. Ke2 Rb8 32. Kd2 Rc5 33. Rb1 Rb7 34. Be4 Bxe4 35. Rxe4 Rbc7 36. Rc1 Rd5+ 37. Ke2 Rc3 38. Re3 Re5 39. Rxe5 dxe5 40. Kd2 Rxa3 41. Rb1 b4 42. Kd1 Kf6 43. Kd2 Kf5 44. Ke2 Ke4 45. Rc1 Rc3 46. h4 f5 47. Kd2 Kf3 48. Ke1 e4 49. Kf1 e3 50. fxe3 Rxe3 51. Kg1 Kxg3 0-1

[Event "Heraklion op 22nd"]
[Site "Heraklion"]
[Date "2018.01.06"]
[Round "7"]
[White "Maris, Ioannis"]
[Black "Papidakis, Georgios"]
[Result "0-1"]
[WhiteElo "1971"]
[BlackElo "1652"]
[PlyCount "54"]
[EventDate "2018.01.02"]
[EventType "swiss"]
[EventRounds "9"]
[EventCountry "GRE"]
[SourceTitle "EXT 2019"]
[Source "ChessBase"]
[SourceDate "2018.10.10"]
[SourceVersion "1"]
[SourceVersionDate "2018.10.10"]
[SourceQuality "1"]

1. Nf3 Nf6 2. c4 e6 3. g3 d5 4. Bg2 dxc4 5. Qc2 Nbd7 6. Qxc4 Bd6 7. 0-0 0-0 8. d4 e5 9. Nc3 a6 10. Rd1 Qe7 11. Bg5 Nb6 12. Qb3 exd4 13. Nxd4 Bc5 14. Ne4 Bxd4 15. Rxd4 Nbd7 16. Rad1 h6 17. Rxd7 Bxd7 18. Bxf6 Qe6 19. Qc3 Bc6 20. Bxg7 Bxe4 21. Bxf8 Rxf8 22. Bxe4 Qxe4 23. Rd4 Qxe2 24. Qxc7 Qxb2 25. Rg4+ Kh8 26. Qe7 Rg8 27. Rf4 Qc1+ 0-1

[Event "Heraklion op 21st"]
[Site "Heraklion"]
[Date "2017.09.04"]
[Round "2"]
[White "Maris, Ioannis"]
[Black "Antic, Dejan"]
[Result "0-1"]
[WhiteElo "1964"]
[BlackElo "2431"]
[PlyCount "80"]
[EventDate "2017.09.03"]
[EventType "swiss"]
[EventRounds "9"]
[EventCountry "GRE"]
[SourceTitle "CBM 180 Extra"]
[Source "ChessBase"]
[SourceDate "2017.10.06"]
[SourceVersion "1"]
[SourceVersionDate "2017.10.06"]
[SourceQuality "1"]

1. e4 e6 2. d4 d5 3. Nd2 c5 4. Ngf3 cxd4 5. exd5 Qxd5 6. Bc4 Qd6 7. 0-0 Nf6 8. Nb3 Nc6 9. Nbxd4 Nxd4 10. Qxd4 Bd7 11. Bf4 Qxd4 12. Nxd4 Rc8 13. Bb5 Bxb5 14. Nxb5 a6 15. Nd4 Bc5 16. Nb3 Bb6 17. c3 Ke7 18. Rfe1 Rhd8 19. Kf1 h6 20. h3 g5 21. Be5 Nd5 22. Rad1 Nf4 23. Nd4 Bxd4 24. Bxd4 f6 25. f3 e5 26. Bb6 Rd3 27. Rxd3 Nxd3 28. Re2 Rc6 29. Be3 f5 30. g3 Ke6 31. Rc2 f4 32. gxf4 gxf4 33. Bd2 Kf5 34. c4 e4 35. fxe4+ Kxe4 36. b4 Rg6 37. c5 Rg3 38. c6 bxc6 39. Rxc6 Rxh3 40. Rxa6 Rh2 0-1

[Event "Anogia op 6th"]
[Site "Anogia"]
[Date "2017.07.15"]
[Round "7"]
[White "Pavloudaki, Kalliopi"]
[Black "Maris, Ioannis"]
[Result "0-1"]
[WhiteElo "1181"]
[BlackElo "1981"]
[PlyCount "40"]
[EventDate "2017.07.10"]
[EventType "swiss"]
[EventRounds "9"]
[EventCountry "GRE"]
[SourceTitle "CBM 179 Extra"]
[Source "ChessBase"]
[SourceDate "2017.08.23"]
[SourceVersion "1"]
[SourceVersionDate "2017.08.23"]
[SourceQuality "1"]

1. d4 Nf6 2. c4 e6 3. Nf3 d5 4. e3 Be7 5. Nc3 0-0 6. Bd3 Nbd7 7. 0-0 h6 8. cxd5 exd5 9. Re1 c6 10. Qe2 Re8 11. Bc2 Bd6 12. Qd3 Ne4 13. Nd2 f5 14. f3 Bxh2+ 15. Kf1 Ng3+ 16. Kf2 Qh4 17. Bb1 Nf6 18. Nf1 Nfe4+ 19. fxe4 fxe4 20. Qd2 Rf8# 0-1

[Event "Anogia op 6th"]
[Site "Anogia"]
[Date "2017.07.14"]
[Round "6"]
[White "Maris, Ioannis"]
[Black "Navrotescu, Andreea Cristiana"]
[Result "0-1"]
[WhiteElo "1981"]
[BlackElo "2207"]
[PlyCount "66"]
[EventDate "2017.07.10"]
[EventType "swiss"]
[EventRounds "9"]
[EventCountry "GRE"]
[SourceTitle "CBM 179 Extra"]
[Source "ChessBase"]
[SourceDate "2017.08.23"]
[SourceVersion "1"]
[SourceVersionDate "2017.08.23"]
[SourceQuality "1"]

1. e4 c5 2. d4 cxd4 3. Nf3 d6 4. Bb5+ Nd7 5. Nxd4 Ngf6 6. Nc3 a6 7. Be2 g6 8. 0-0 Bg7 9. Be3 Nc5 10. f3 0-0 11. a4 b6 12. b4 Ne6 13. Nc6 Qc7 14. Nd5 Nxd5 15. exd5 Bxa1 16. Qxa1 Ng7 17. a5 b5 18. c4 bxc4 19. Bxc4 e5 20. b5 axb5 21. Bxb5 Ba6 22. Bb6 Qd7 23. Bxa6 Rxa6 24. f4 f6 25. fxe5 dxe5 26. Qa2 Nf5 27. Rc1 Rc8 28. Qc4 Qb7 29. Qc5 Kg7 30. d6 Qd7 31. Bc7 Nxd6 32. Nxe5 fxe5 33. Qxe5+ Kg8 0-1

[Event "Anogia op 6th"]
[Site "Anogia"]
[Date "2017.07.10"]
[Round "1"]
[White "Ntagiantas, Dimitrios"]
[Black "Maris, Ioannis"]
[Result "1/2-1/2"]
[WhiteElo "1159"]
[BlackElo "1981"]
[PlyCount "101"]
[EventDate "2017.07.10"]
[EventType "swiss"]
[EventRounds "9"]
[EventCountry "GRE"]
[SourceTitle "CBM 179 Extra"]
[Source "ChessBase"]
[SourceDate "2017.08.23"]
[SourceVersion "1"]
[SourceVersionDate "2017.08.23"]
[SourceQuality "1"]

1. d4 Nf6 2. c4 e6 3. Nc3 d5 4. Bg5 Be7 5. Nf3 0-0 6. e3 h6 7. Bxf6 Bxf6 8. Be2 c6 9. 0-0 Nd7 10. c5 Re8 11. b4 e5 12. dxe5 Nxe5 13. Nxe5 Bxe5 14. Rc1 Qf6 15. Qc2 Qh4 16. g3 Qxb4 17. Na4 Bf6 18. Bd3 Qg4 19. Nc3 Bxc3 20. Qxc3 Qf3 21. Rfe1 Bh3 22. Bf1 Bxf1 23. Rxf1 h5 24. h4 Re4 25. Qd2 Rg4 26. Qd1 Qf6 27. Kh2 Re8 28. Rb1 Ree4 29. Rxb7 Qe5 30. Kg2 g5 31. Qf3 Qe6 32. hxg5 Rxg5 33. Rh1 Reg4 34. Rxa7 h4 35. Rh3 Kg7 36. a4 Qg6 37. a5 Rf5 38. Qe2 Rf6 39. Re7 Rc4 40. e4 Rxe4 41. Rxe4 Qxe4+ 42. Qxe4 dxe4 43. a6 Re6 44. Rxh4 e3 45. fxe3 Rxe3 46. Ra4 Re8 47. a7 Ra8 48. Ra6 Kf8 49. Rxc6 Rxa7 50. Rf6 Ke7 51. Rf2 1/2-1/2

[Event "Heraklion op 20th"]
[Site "Heraklion"]
[Date "2017.04.23"]
[Round "8"]
[White "Maris, Ioannis"]
[Black "Moshovakis, Aggelos"]
[Result "0-1"]
[WhiteElo "1967"]
[BlackElo "2030"]
[PlyCount "74"]
[EventDate "2017.04.17"]
[EventType "swiss"]
[EventRounds "9"]
[EventCountry "GRE"]
[SourceTitle "CBM 177 Extra"]
[Source "ChessBase"]
[SourceDate "2017.04.27"]
[SourceVersion "1"]
[SourceVersionDate "2017.04.27"]
[SourceQuality "1"]

1. e4 e5 2. Nf3 Nc6 3. Bc4 Bc5 4. c3 Nf6 5. d3 0-0 6. b4 Bb6 7. Bg5 h6 8. Bh4 d6 9. Nbd2 Be6 10. Qb3 Qe7 11. a4 a5 12. b5 Nb8 13. 0-0 Nbd7 14. Rad1 c6 15. Bxf6 Qxf6 16. d4 exd4 17. cxd4 Qg6 18. bxc6 bxc6 19. d5 cxd5 20. exd5 Bg4 21. h3 Bxf3 22. Nxf3 Rab8 23. Bb5 Bc5 24. Nd4 Bxd4 25. Rxd4 Rfc8 26. Rg4 Qf6 27. Qd1 Ne5 28. Re4 Qf5 29. Qe2 Rc5 30. f4 Ng6 31. Bc6 Qf6 32. Kh1 Rb2 33. Re8+ Kh7 34. Qe4 Rcc2 35. f5 Nh4 36. Rg1 Nxg2 37. Rb8 Re2 0-1

[Event "Heraklion op 20th"]
[Site "Heraklion"]
[Date "2017.04.18"]
[Round "3"]
[White "Spirou, Gerasimos"]
[Black "Maris, Ioannis"]
[Result "0-1"]
[WhiteElo "1692"]
[BlackElo "1967"]
[PlyCount "44"]
[EventDate "2017.04.17"]
[EventType "swiss"]
[EventRounds "9"]
[EventCountry "GRE"]
[SourceTitle "CBM 177 Extra"]
[Source "ChessBase"]
[SourceDate "2017.04.27"]
[SourceVersion "1"]
[SourceVersionDate "2017.04.27"]
[SourceQuality "1"]

1. e4 c5 2. Nf3 d6 3. c3 Nf6 4. Bd3 Nc6 5. Bc2 Bg4 6. h3 Bh5 7. d3 e6 8. Be3 Be7 9. Nbd2 0-0 10. Qe2 h6 11. g4 Bg6 12. g5 hxg5 13. Nxg5 d5 14. f4 d4 15. Bf2 Bh5 16. Ngf3 dxc3 17. bxc3 Qa5 18. c4 Qc3 19. Rc1 Nb4 20. Kd1 Nxa2 21. Rb1 Qa3 22. Ke1 Nc3 0-1

[Event "Heraklion op 19th"]
[Site "Heraklion"]
[Date "2017.01.03"]
[Round "3"]
[White "Christodoulaki, Antonia"]
[Black "Maris, Ioannis"]
[Result "1-0"]
[WhiteElo "2001"]
[BlackElo "1976"]
[PlyCount "137"]
[EventDate "2017.01.02"]
[EventType "swiss"]
[EventRounds "9"]
[EventCountry "GRE"]
[SourceTitle "CBM 176 Extra"]
[Source "ChessBase"]
[SourceDate "2017.03.02"]
[SourceVersion "1"]
[SourceVersionDate "2017.03.02"]
[SourceQuality "1"]

1. e4 c5 2. Nf3 e6 3. d4 cxd4 4. Nxd4 Nf6 5. Nc3 d6 6. Bg5 Be7 7. Nb3 a6 8. Be2 Nbd7 9. Qd2 Qc7 10. Rd1 b5 11. a3 Bb7 12. f3 0-0 13. 0-0 Rfe8 14. Rfe1 Rac8 15. Bf4 Ne5 16. Nc1 Red8 17. Kh1 Ng6 18. g4 Nd7 19. Bxd6 Qc6 20. Bxe7 Nxe7 21. Qd6 Qxd6 22. Rxd6 Kf8 23. Red1 Ke8 24. Nb3 Ne5 25. Na5 Bc6 26. Rxd8+ Rxd8 27. Rxd8+ Kxd8 28. Na2 Ba8 29. a4 Kc7 30. axb5 axb5 31. Kg1 Kb6 32. Nb3 Nc4 33. Nc3 Ng6 34. Kf2 Nf4 35. Bf1 Nxb2 36. Nxb5 Nd1+ 37. Ke1 Ne3 38. Na3 f5 39. gxf5 exf5 40. Bd3 fxe4 41. fxe4 Ng4 42. Nc4+ Kc7 43. Nd4 Bc6 44. Nf3 Be8 45. Kd2 h6 46. Ne3 Nxe3 47. Kxe3 g5 48. Bf1 Ng6 49. Nd4 Ne7 50. Nf5 Nxf5+ 51. exf5 Kd6 52. Kd4 Bd7 53. Bd3 g4 54. c4 h5 55. c5+ Ke7 56. Ke5 h4 57. Be4 g3 58. h3 Bc8 59. Bg2 Bd7 60. Kf4 Kf6 61. Kg4 Bxf5+ 62. Kxh4 Kg7 63. Kxg3 Bd7 64. Bf3 Ba4 65. Kf4 Bb5 66. Ke5 Ba4 67. Kd6 Be8 68. Bg4 Ba4 69. Bd7 1-0

[Event "Heraklion op 19th"]
[Site "Heraklion"]
[Date "2017.01.02"]
[Round "1"]
[White "Maris, Ioannis"]
[Black "Galanakis, Nikos"]
[Result "1-0"]
[WhiteElo "1976"]
[BlackElo "1594"]
[PlyCount "61"]
[EventDate "2017.01.02"]
[EventType "swiss"]
[EventRounds "9"]
[EventCountry "GRE"]
[SourceTitle "CBM 176 Extra"]
[Source "ChessBase"]
[SourceDate "2017.03.02"]
[SourceVersion "1"]
[SourceVersionDate "2017.03.02"]
[SourceQuality "1"]

1. e4 d5 2. exd5 Qxd5 3. Nc3 Qd6 4. d4 Nf6 5. Nf3 a6 6. a4 Nc6 7. Be2 Bf5 8. Be3 Ng4 9. 0-0 Nb4 10. Rc1 0-0-0 11. h3 h5 12. hxg4 hxg4 13. Ne5 f6 14. Bxg4 fxe5 15. Bxf5+ e6 16. Ne4 exf5 17. Nxd6+ Rxd6 18. g3 f4 19. Qg4+ Kb8 20. dxe5 Rdh6 21. Bxf4 Rh1+ 22. Kg2 R1h2+ 23. Kf3 Bc5 24. e6 Nd5 25. Qxg7 Nxf4 26. gxf4 R2h7 27. Qc3 Rh3+ 28. Ke4 Rxc3 29. bxc3 Rh4 30. Rh1 Rg4 31. Rcg1 1-0

[Event "Anogia op 5th"]
[Site "Anogia"]
[Date "2016.07.16"]
[Round "6"]
[White "Maris, Ioannis"]
[Black "Milonakis, Georgios"]
[Result "0-1"]
[WhiteElo "1994"]
[BlackElo "2233"]
[PlyCount "73"]
[EventDate "2016.07.12"]
[EventType "swiss"]
[EventRounds "9"]
[EventCountry "GRE"]
[SourceTitle "CBM 173 Extra"]
[Source "ChessBase"]
[SourceDate "2016.08.29"]
[SourceVersion "1"]
[SourceVersionDate "2016.08.29"]
[SourceQuality "1"]

1. d4 Nf6 2. Nf3 g6 3. c4 Bg7 4. Nc3 d5 5. Qb3 dxc4 6. Qxc4 0-0 7. e4 c6 8. Qb3 Nbd7 9. e5 Nd5 10. Nxd5 cxd5 11. h4 Qb6 12. Qxb6 Nxb6 13. h5 Bg4 14. hxg6 hxg6 15. Nh4 Rfc8 16. Bd3 Rc6 17. f3 Be6 18. g4 Rac8 19. Kf2 Nd7 20. Kg3 Rb6 21. f4 Rb4 22. Nf3 Nf8 23. f5 Bd7 24. Rh2 Rxd4 25. Nxd4 Bxe5+ 26. Bf4 Bxd4 27. Re1 e6 28. fxg6 Nxg6 29. Bxg6 fxg6 30. Rc1 Rxc1 31. Bxc1 Bg7 32. Kh4 Bf6+ 33. Bg5 Bg7 34. Bd8 e5 35. Kg5 d4 36. Rc2 Bc6 37. Kxg6 0-1

[Event "Anogia op 5th"]
[Site "Anogia"]
[Date "2016.07.15"]
[Round "5"]
[White "Enkhtuul, Altanulzii"]
[Black "Maris, Ioannis"]
[Result "1-0"]
[WhiteElo "2230"]
[BlackElo "1994"]
[PlyCount "71"]
[EventDate "2016.07.12"]
[EventType "swiss"]
[EventRounds "9"]
[EventCountry "GRE"]
[SourceTitle "CBM 173 Extra"]
[Source "ChessBase"]
[SourceDate "2016.08.29"]
[SourceVersion "1"]
[SourceVersionDate "2016.08.29"]
[SourceQuality "1"]

1. d4 Nf6 2. Nf3 g6 3. c3 d6 4. h3 Bg7 5. Bf4 Nbd7 6. e3 c5 7. Nbd2 0-0 8. Be2 b6 9. 0-0 Bb7 10. a4 a6 11. Re1 Re8 12. Bh2 h6 13. Qb1 e5 14. Nc4 Qc7 15. dxe5 dxe5 16. Rd1 Re6 17. Ncd2 Nf8 18. Bc4 Ree8 19. Qd3 Qc6 20. Qf1 Ne4 21. Nxe4 Qxe4 22. Rd6 Qc2 23. Rxb6 Bxf3 24. Bd3 Be2 25. Bxe2 Red8 26. Bd1 Qf5 27. e4 Qg5 28. f4 exf4 29. Bxf4 Qe7 30. Bb3 Kh8 31. Bd5 Rac8 32. Qxa6 f5 33. Rb7 Rd7 34. exf5 g5 35. Rxd7 Nxd7 36. Qxc8+ 1-0

[Event "Heraklion op 16th"]
[Site "Heraklion"]
[Date "2016.01.04"]
[Round "3.2"]
[White "Maris, Ioannis"]
[Black "Kelires, Andreas"]
[Result "0-1"]
[WhiteElo "1990"]
[BlackElo "2444"]
[PlyCount "106"]
[EventDate "2016.01.03"]
[EventType "swiss"]
[EventRounds "9"]
[EventCountry "GRE"]
[SourceTitle "EXT 2024"]
[Source "ChessBase"]
[SourceDate "2023.10.10"]
[SourceVersion "1"]
[SourceVersionDate "2023.10.10"]
[SourceQuality "1"]

1. d4 Nf6 2. c4 e6 3. Nf3 Bb4+ 4. Nbd2 b6 5. a3 Bxd2+ 6. Qxd2 Bb7 7. Qf4 0-0 8. g4 d6 9. Rg1 Nc6 10. g5 Nh5 11. Qh4 g6 12. e4 d5 13. cxd5 exd5 14. e5 Ne7 15. Bh3 Bc8 16. Bg4 Bxg4 17. Qxg4 Nf5 18. Bd2 c5 19. Bc3 Qc8 20. Rd1 Qe6 21. Kf1 Rfc8 22. h3 a5 23. Kg2 Nfg7 24. Rge1 Rf8 25. Nh2 Qc6 26. Kg1 Rfd8 27. Qf3 Nf5 28. Ng4 c4 29. Nh6+ Nxh6 30. gxh6 Rf8 31. Bd2 f6 32. e6 Rae8 33. Qe2 Re7 34. Kh1 Rfe8 35. Rg1 Kh8 36. Qg4 Qxe6 37. f4 Qe4+ 38. Rg2 f5 39. Qh4 Qf3 40. Rdg1 Re2 41. Kh2 Kg8 42. Bc1 Kf7 43. Qg5 b5 44. Rxe2 Rxe2+ 45. Rg2 Nf6 46. Rxe2 Qxe2+ 47. Qg2 Qxg2+ 48. Kxg2 Ne4 49. Kf3 Ke6 50. Be3 Kd6 51. Ke2 Kc6 52. Kd1 Kb6 53. Kc2 Nd6 0-1

[Event "Heraklion Gazi op 11th"]
[Site "Heraklion"]
[Date "2015.07.26"]
[Round "2"]
[White "Kelires, Andreas"]
[Black "Maris, Ioannis"]
[Result "1-0"]
[WhiteElo "2426"]
[BlackElo "2049"]
[PlyCount "53"]
[EventDate "2015.07.25"]
[EventType "swiss"]
[EventRounds "9"]
[EventCountry "GRE"]
[SourceTitle "CBM 167 Extra"]
[Source "ChessBase"]
[SourceDate "2015.09.14"]
[SourceVersion "1"]
[SourceVersionDate "2015.09.14"]
[SourceQuality "1"]

1. d4 Nf6 2. c4 g6 3. Nc3 Bg7 4. e4 d6 5. f3 0-0 6. Be3 c6 7. Nge2 Nbd7 8. Qb3 a6 9. c5 dxc5 10. dxc5 Ne5 11. Nd4 Nfd7 12. Na4 Rb8 13. 0-0-0 Qa5 14. Bd2 Qc7 15. Kb1 Kh8 16. Be2 Nf6 17. h3 Ned7 18. Qe3 Qe5 19. Nb3 Kg8 20. g4 b5 21. cxb6 Nxb6 22. Bc3 Nfd5 23. Rxd5 Nxd5 24. Bxe5 Nxe3 25. Bxb8 Be6 26. Bf4 Nc4 27. Nbc5 1-0

[Event "Heraklion Gazi op 11th"]
[Site "Heraklion"]
[Date "2015.07.26"]
[Round "3"]
[White "Maris, Ioannis"]
[Black "Georgakopoulos, Nikolaos K"]
[Result "1/2-1/2"]
[WhiteElo "2049"]
[BlackElo "1786"]
[PlyCount "114"]
[EventDate "2015.07.25"]
[EventType "swiss"]
[EventRounds "9"]
[EventCountry "GRE"]
[SourceTitle "CBM 167 Extra"]
[Source "ChessBase"]
[SourceDate "2015.09.14"]
[SourceVersion "1"]
[SourceVersionDate "2015.09.14"]
[SourceQuality "1"]

1. e4 c5 2. d4 cxd4 3. c3 dxc3 4. Nxc3 Nc6 5. Nf3 e6 6. Bc4 d6 7. 0-0 Be7 8. Qe2 a6 9. Rd1 Bd7 10. h3 h6 11. a3 Rc8 12. Ba2 b5 13. Bf4 e5 14. Be3 Nf6 15. a4 b4 16. Nd5 Nxd5 17. Bxd5 a5 18. Qd2 0-0 19. Bxh6 gxh6 20. Qxh6 Be6 21. h4 Bf6 22. Bxe6 fxe6 23. Ng5 Bxg5 24. Qxe6+ Rf7 25. Rxd6 Qf8 26. hxg5 Re8 27. Qd5 Ne7 28. Qb3 Kg7 29. Qe6 Rxf2 30. Qxe5+ Kg8 31. Qe6+ Qf7 32. Qh6 Rf8 33. g6 Rxg2+ 34. Kh1 Rxg6 35. Rxg6+ Nxg6 36. Rg1 Qf3+ 37. Kh2 Qf2+ 38. Rg2 Qf4+ 39. Qxf4 Rxf4 40. Rxg6+ Kf7 41. Rg5 Rxe4 42. Rxa5 Re2+ 43. Kg3 Rxb2 44. Kf4 b3 45. Ke3 Ke6 46. Kd3 Kd6 47. Kc3 Rb1 48. Rb5 Kc6 49. Rb4 Kc5 50. Rh4 Kb6 51. Kb4 b2 52. Ka3 Ka5 53. Rh5+ Kb6 54. Rh4 Ka5 55. Ka2 Ra1+ 56. Kxb2 Rxa4 57. Rxa4+ Kxa4 1/2-1/2

[Event "Anogia op 4th"]
[Site "Anogia"]
[Date "2015.07.15"]
[Round "8"]
[White "Maris, Ioannis"]
[Black "Stefanatos, Nikolaos"]
[Result "1-0"]
[WhiteElo "2049"]
[BlackElo "1889"]
[PlyCount "81"]
[EventDate "2015.07.09"]
[EventType "swiss"]
[EventRounds "9"]
[EventCountry "GRE"]
[SourceTitle "CBM 167 Extra"]
[Source "ChessBase"]
[SourceDate "2015.09.14"]
[SourceVersion "1"]
[SourceVersionDate "2015.09.14"]
[SourceQuality "1"]

1. e4 g6 2. d4 Bg7 3. c4 d6 4. Nc3 Nc6 5. d5 Nd4 6. Be3 c5 7. dxc6 Nxc6 8. Nf3 Qa5 9. Bd2 Qd8 10. Be2 Nf6 11. h3 0-0 12. 0-0 h6 13. a3 a5 14. Be3 Be6 15. Nd2 Nd7 16. Nd5 a4 17. Kh1 Nc5 18. f4 f5 19. e5 b6 20. exd6 exd6 21. Rb1 Nd4 22. Bf3 Nxf3 23. Qxf3 Rb8 24. b4 axb3 25. Nxb3 Ne4 26. Bd4 Bxd4 27. Nxd4 Bxd5 28. cxd5 Nd2 29. Qe2 Nxf1 30. Qxf1 Qf6 31. Nc6 Ra8 32. Qd3 Rfe8 33. Kh2 Re4 34. Rxb6 Rxf4 35. Rb7 Rfa4 36. Qe3 Rxa3 37. Qxh6 Re8 38. h4 Ra4 39. g3 f4 40. Ne7+ Rxe7 41. Rb8+ 1-0

[Event "Anogia op 3rd"]
[Site "Anogia"]
[Date "2014.08.06"]
[Round "9"]
[White "Dimopoulos, Nikolaos"]
[Black "Maris, Ioannis"]
[Result "0-1"]
[WhiteElo "1869"]
[BlackElo "2039"]
[PlyCount "56"]
[EventDate "2014.07.30"]
[EventType "swiss"]
[EventRounds "9"]
[EventCountry "GRE"]
[SourceTitle "CBM 161 Extra"]
[Source "ChessBase"]
[SourceDate "2014.08.29"]
[SourceVersion "1"]
[SourceVersionDate "2014.08.29"]
[SourceQuality "1"]

1. e4 g6 2. d4 d6 3. Nc3 Bg7 4. Be3 Nf6 5. f3 0-0 6. Qd2 Re8 7. h4 h5 8. 0-0-0 c6 9. g4 Qa5 10. gxh5 Nxh5 11. Nge2 b5 12. Nf4 b4 13. Nb1 Nxf4 14. Bxf4 Qxa2 15. h5 c5 16. hxg6 fxg6 17. Qh2 Nd7 18. e5 Nf8 19. Bd3 cxd4 20. Rdg1 Qe6 21. Bh6 Qxe5 22. f4 Qe3+ 23. Nd2 e5 24. Bxg6 Nxg6 25. Rxg6 Kf7 26. Rxg7+ Ke6 27. fxe5 Qxe5 28. Re1 Qxe1# 0-1

[Event "Heraklio SOI op 11th"]
[Site "Heraklion"]
[Date "2014.04.23"]
[Round "4"]
[White "Maris, Ioannis"]
[Black "Brokalakis Gounaris, Christos"]
[Result "1-0"]
[WhiteElo "1991"]
[BlackElo "1210"]
[PlyCount "101"]
[EventDate "2014.04.21"]
[EventType "swiss"]
[EventRounds "7"]
[EventCountry "GRE"]
[SourceTitle "EXT 2024"]
[Source "ChessBase"]
[SourceDate "2023.10.10"]
[SourceVersion "1"]
[SourceVersionDate "2023.10.10"]
[SourceQuality "1"]

1. Nf3 d5 2. g3 Nf6 3. Bg2 g6 4. 0-0 Bg7 5. c4 c6 6. Qa4 Bd7 7. Ne5 Qc7 8. d4 0-0 9. Nc3 dxc4 10. Qxc4 Be6 11. Qa4 Nd5 12. Nxd5 Bxd5 13. e4 Be6 14. Bf4 Qb6 15. Rab1 Nd7 16. Nxd7 Bxd7 17. Be3 Rfc8 18. Rfd1 Qb5 19. Qa3 Bf8 20. Qc3 Bg7 21. Qd2 Rd8 22. Bf1 Qh5 23. Qb4 Rab8 24. Qxe7 Bg4 25. Rd2 Re8 26. Qc7 Bf3 27. e5 Bh6 28. Re1 Bd5 29. Bg2 Bxg2 30. Kxg2 Bxe3 31. Rxe3 Qg5 32. h4 Qe7 33. Qxe7 Rxe7 34. g4 Rd8 35. f4 Red7 36. Red3 Rd5 37. Kf3 Kf8 38. Ke4 Ke7 39. f5 R8d7 40. Rc2 Ra5 41. b4 Rb5 42. a3 Rbd5 43. Rc5 a6 44. a4 Rd8 45. Ke3 gxf5 46. gxf5 Rg8 47. Rxd5 Rg3+ 48. Ke2 Rxd3 49. Kxd3 cxd5 50. a5 h5 51. Ke3 1-0